[Event "Poikovsky Karpov Tournament 2015"]
[Site "Poikovsky RUS"]
[Date "2015.09.28"]
[Round "1"]
[White "Laznicka, V."]
[Black "Smirin, I."]
[Result "1/2-1/2"]
[WhiteElo "2676"]
[BlackElo "2655"]
[PlyCount "47"]
[EventDate "2015.09.27"]

1. c4 g6 2. Nc3 Bg7 3. g3 e5 4. Bg2 Nc6 5. d3 d6 6. e4 Nd4 7. Nge2 Bg4 8. h3
Bf3 9. O-O Nxe2+ 10. Nxe2 Bxg2 11. Kxg2 Ne7 12. d4 exd4 13. Nxd4 O-O 14. Rb1
Qd7 15. Re1 Nc6 16. Nf3 Rae8 17. Bf4 Re7 18. Qd5 Rfe8 19. a3 b6 20. b4 Ne5 21.
Nxe5 Bxe5 22. Bd2 Qa4 23. Qd3 a6 24. Re3 1/2-1/2

[Event "Poikovsky Karpov Tournament 2015"]
[Site "Poikovsky RUS"]
[Date "2015.09.28"]
[Round "1"]
[White "Sutovsky, E."]
[Black "Khismatullin, D."]
[Result "1-0"]
[WhiteElo "2635"]
[BlackElo "2651"]
[PlyCount "87"]
[EventDate "2015.09.27"]

1. e4 c5 2. Nf3 d6 3. d4 cxd4 4. Nxd4 Nf6 5. Nc3 a6 6. h3 e5 7. Nb3 Be6 8. f4
b5 9. Bd3 Be7 10. Qf3 Nc6 11. g4 Rc8 12. f5 Bc4 13. O-O Nb4 14. g5 Nd7 15. Qg3
h6 16. f6 gxf6 17. g6 Rg8 18. g7 Nxc2 19. Bxc2 Bxf1 20. Kxf1 b4 21. Bxh6 bxc3
22. bxc3 f5 23. exf5 Bh4 24. Qe3 Bf6 25. Nd2 d5 26. Ba4 Qa5 27. Bxd7+ Kxd7 28.
Rb1 Rc7 29. c4 Qxa2 30. Qd3 d4 31. Qf3 Qc2 32. Rb6 e4 33. Nxe4 Qxc4+ 34. Kg1
Rxg7+ 35. Bxg7 Bxg7 36. f6 Qc1+ 37. Kh2 Rc2+ 38. Nf2 Rxf2+ 39. Qxf2 Qc7+ 40.
Kg2 Qxb6 41. Qf5+ Kd6 42. fxg7 Qd8 43. Qf4+ Kc5 44. Qg3 1-0

[Event "Poikovsky Karpov Tournament 2015"]
[Site "Poikovsky RUS"]
[Date "2015.09.29"]
[Round "2"]
[White "Sutovsky, E."]
[Black "Shirov, A."]
[Result "1-0"]
[WhiteElo "2635"]
[BlackElo "2712"]
[PlyCount "67"]
[EventDate "2015.09.27"]

1. e4 c5 2. Nf3 d6 3. Nc3 a6 4. d4 cxd4 5. Nxd4 Nf6 6. h3 e5 7. Nb3 Be6 8. f4
Nbd7 9. f5 Bxb3 10. axb3 d5 11. exd5 Bb4 12. Bd2 O-O 13. Qe2 Bxc3 14. bxc3 e4
15. O-O-O a5 16. Be3 a4 17. b4 Nb6 18. Qb5 Nbxd5 19. Bc4 Nxe3 20. Rxd8 Rfxd8
21. Ba2 a3 22. g4 Ned5 23. g5 Nxc3 24. Bxf7+ Kxf7 25. Qxb7+ Nd7 26. Qc6 a2 27.
Kb2 Na4+ 28. Ka1 Kg8 29. f6 Ne5 30. Qxe4 Re8 31. Re1 Nc3 32. Qd4 Rac8 33. h4 g6
34. b5 1-0

[Event "Poikovsky Karpov Tournament 2015"]
[Site "Poikovsky RUS"]
[Date "2015.09.29"]
[Round "2"]
[White "Khismatullin, D."]
[Black "Bologan, V."]
[Result "1/2-1/2"]
[WhiteElo "2651"]
[BlackElo "2607"]
[PlyCount "33"]
[EventDate "2015.09.27"]

1. d4 d5 2. c4 c6 3. Nc3 Nf6 4. cxd5 cxd5 5. Bf4 Nc6 6. e3 Bf5 7. Qb3 Qb6 8.
Qxb6 axb6 9. Bb5 e6 10. Nf3 Bb4 11. Ne5 Ne4 12. Nxc6 Nxc3 13. Nxb4+ Nxb5 14.
Kd2 Kd7 15. Rhc1 Rhc8 16. f3 h5 17. Rxc8 1/2-1/2

[Event "Poikovsky Karpov Tournament 2015"]
[Site "Poikovsky RUS"]
[Date "2015.09.29"]
[Round "2"]
[White "Inarkiev, E."]
[Black "Laznicka, V."]
[Result "1-0"]
[WhiteElo "2660"]
[BlackElo "2676"]
[PlyCount "101"]
[EventDate "2015.09.27"]

1. e4 e6 2. d4 d5 3. Nc3 dxe4 4. Nxe4 Nd7 5. Nf3 Ngf6 6. Bg5 h6 7. Bh4 Be7 8.
Nxf6+ Bxf6 9. Bxf6 Nxf6 10. Qd2 b6 11. Bb5+ Bd7 12. Bd3 O-O 13. O-O-O Bc6 14.
Ne5 Be4 15. Bxe4 Nxe4 16. Qe3 Nf6 17. h4 Qd5 18. Kb1 Rfd8 19. g4 c5 20. g5 cxd4
21. Qf4 Qe4 22. Qh2 Nh5 23. gxh6 Rac8 24. f3 Qf4 25. Qxf4 Nxf4 26. Rhg1 g6 27.
Rg4 Rd5 28. h7+ Kxh7 29. Rxf4 Rxe5 30. Rxf7+ Kh6 31. a3 a5 32. Rxd4 Rf5 33. Re7
Rxf3 34. Rxe6 b5 35. Rg4 Rg8 36. Rg5 b4 37. Rxa5 bxa3 38. Rxa3 Rxa3 39. bxa3
Ra8 40. Kb2 Ra4 41. Kb3 Rxh4 42. a4 Rh1 43. a5 Ra1 44. Kb4 Rb1+ 45. Kc5 Kg7 46.
a6 Kf7 47. Re4 Rb2 48. c3 Rb3 49. Rc4 Ke6 50. a7 Ra3 51. Kb6 1-0

[Event "Poikovsky Karpov Tournament 2015"]
[Site "Poikovsky RUS"]
[Date "2015.09.29"]
[Round "2"]
[White "Korobov, A."]
[Black "Morozevich, A."]
[Result "1-0"]
[WhiteElo "2700"]
[BlackElo "2711"]
[PlyCount "109"]
[EventDate "2015.09.27"]

1. d4 d5 2. c4 Nc6 3. Nf3 Bg4 4. Nc3 e6 5. e3 Nf6 6. Qa4 Bxf3 7. gxf3 Bb4 8.
Bg2 dxc4 9. a3 Bxc3+ 10. bxc3 O-O 11. f4 Nd5 12. Qxc4 Na5 13. Qa2 c5 14. Bd2 c4
15. e4 Ne7 16. O-O f5 17. Rfe1 Rf6 18. Rab1 Qd7 19. exf5 Nxf5 20. Re5 Nb3 21.
Be3 Raf8 22. Qe2 b5 23. Be4 Nd6 24. Bc2 Qc6 25. Rd1 a5 26. Qg4 Nf7 27. d5 exd5
28. Rexd5 Rh6 29. Qd7 Qf6 30. Rxb5 Qxc3 31. Be4 Rf6 32. Rb7 a4 33. Rc7 Qb2 34.
Rxc4 Qe2 35. Rc2 Qh5 36. Kh1 Rh6 37. h3 g5 38. Rg1 Rd8 39. Rxg5+ Kf8 40. Rxh5
Rxd7 41. Rxh6 Nxh6 42. Rc4 Nd2 43. Rxa4 Nxe4 44. Rxe4 Rd1+ 45. Kg2 Kf7 46. Re5
Kf6 47. a4 Nf5 48. a5 Ra1 49. Bb6 Ra3 50. Bd8+ Kg6 51. Re6+ Kf7 52. Rf6+ Ke8
53. Rxf5 Kxd8 54. Re5 Kd7 55. f5 1-0

[Event "Poikovsky Karpov Tournament 2015"]
[Site "Poikovsky RUS"]
[Date "2015.09.29"]
[Round "2"]
[White "Smirin, I."]
[Black "Lysyj, I."]
[Result "1/2-1/2"]
[WhiteElo "2655"]
[BlackElo "2671"]
[PlyCount "47"]
[EventDate "2015.09.27"]

1. Nf3 Nf6 2. g3 d5 3. Bg2 e6 4. O-O Be7 5. d4 O-O 6. c4 dxc4 7. Qa4 a6 8. Qxc4
b5 9. Qc2 Bb7 10. Bd2 Be4 11. Qc1 c6 12. a4 Nbd7 13. Nc3 Bg6 14. Nh4 Bh5 15.
axb5 axb5 16. Nf3 Qb6 17. e3 Rac8 18. Qb1 c5 19. dxc5 Nxc5 20. b4 Na6 21. Ra5
Nxb4 22. Rxb5 Qd8 23. Rd1 Rb8 24. Be1 1/2-1/2

[Event "Poikovsky Karpov Tournament 2015"]
[Site "Poikovsky RUS"]
[Date "2015.10.01"]
[Round "4"]
[White "Sutovsky, E."]
[Black "Lysyj, I."]
[Result "1/2-1/2"]
[WhiteElo "2635"]
[BlackElo "2671"]
[PlyCount "90"]
[EventDate "2015.09.27"]

1. e4 e5 2. Nf3 Nc6 3. Bb5 Nf6 4. O-O Nxe4 5. d4 Nd6 6. Bxc6 dxc6 7. dxe5 Nf5
8. Qxd8+ Kxd8 9. Rd1+ Ke8 10. Nc3 Be7 11. g4 Nh4 12. Nxh4 Bxh4 13. f3 h5 14. h3
f6 15. exf6 gxf6 16. Ne2 Kf7 17. Bf4 hxg4 18. fxg4 f5 19. g5 Be6 20. Nd4 Rag8
21. Nxe6 Kxe6 22. Rd3 Bxg5 23. Re1+ Kf7 24. Bxg5 Rxg5+ 25. Kf2 Rhg8 26. Rd7+
Kf6 27. Rde7 R5g7 28. R7e6+ Kf7 29. Kf3 Rg3+ 30. Kf4 Rxh3 31. Re7+ Kf8 32. Re8+
Kf7 33. R8e7+ Kf8 34. Kxf5 Rf3+ 35. Ke6 Rf2 36. Kd7 Rd2+ 37. Kxc7 Rxc2 38. Re8+
Kf7 39. R8e2 Rg2 40. Rxg2 Rxg2 41. Rb1 Ke6 42. Kxb7 Kd5 43. Kxa7 Kc5 44. Ka6
Kb4 45. Kb6 Rc2 1/2-1/2

[Event "Poikovsky Karpov Tournament 2015"]
[Site "Poikovsky RUS"]
[Date "2015.10.01"]
[Round "4"]
[White "Smirin, I."]
[Black "Bologan, V."]
[Result "0-1"]
[WhiteElo "2655"]
[BlackElo "2607"]
[PlyCount "110"]
[EventDate "2015.09.27"]

1. e4 e5 2. Nf3 Nc6 3. Bb5 Nf6 4. d3 Bc5 5. c3 d5 6. Qe2 O-O 7. Bg5 dxe4 8.
dxe4 Qe7 9. Nbd2 Nd8 10. b4 Bb6 11. Nc4 Ne6 12. Nxb6 axb6 13. O-O Nxg5 14. Nxg5
Bg4 15. Qe3 h6 16. Nf3 Rfd8 17. Bc4 Qd6 18. Rfe1 Be6 19. Qe2 c6 20. Bxe6 Qxe6
21. a4 Ra6 22. c4 Rda8 23. Qc2 Qe7 24. Qb3 Nd7 25. h3 R6a7 26. Red1 Nf8 27.
Rdb1 Ne6 28. Qc3 Rxa4 29. Rxa4 Rxa4 30. Qxe5 Rxb4 31. Qb8+ Kh7 32. Ra1 Rxc4 33.
Ra7 Nd8 34. Kh2 Qxe4 35. Ra8 Rc1 36. Qc7 Ne6 37. Qxf7 Qf4+ 38. Qxf4 Nxf4 39.
Rb8 b5 40. Rxb7 Nd3 41. Nd4 b4 42. g4 Rc3 43. Ne6 b3 44. f4 Kg6 45. f5+ Kf6 46.
Nxg7 Nc5 47. Nh5+ Ke5 48. Rb4 Ne4 49. Kg2 c5 50. Rb6 Rc2+ 51. Kf3 Nd2+ 52. Kg3
Ne4+ 53. Kf3 Kd4 54. g5 hxg5 55. f6 Rf2+ 0-1

[Event "Poikovsky Karpov Tournament 2015"]
[Site "Poikovsky RUS"]
[Date "2015.10.01"]
[Round "4"]
[White "Khismatullin, D."]
[Black "Korobov, A."]
[Result "1/2-1/2"]
[WhiteElo "2651"]
[BlackElo "2700"]
[PlyCount "66"]
[EventDate "2015.09.27"]

1. d4 d5 2. c4 c6 3. Nc3 Nf6 4. e3 e6 5. Nf3 Nbd7 6. a4 Bd6 7. a5 O-O 8. Be2
dxc4 9. Bxc4 b5 10. axb6 Qxb6 11. O-O c5 12. b3 Bb7 13. Bb2 cxd4 14. Nxd4 Ne5
15. Bb5 a6 16. Na4 Qd8 17. Be2 Nd5 18. Nf3 Nxf3+ 19. Bxf3 Qe7 20. Qe2 Rfd8 21.
Rfd1 Rac8 22. Rac1 Rxc1 23. Rxc1 h6 24. Rd1 Bc6 25. g3 Bb5 26. Qc2 Nb4 27. Qc3
f6 28. Nb6 Nd3 29. Nc8 Qf8 30. Nxd6 Nxb2 31. Qxb2 Rxd6 32. Rxd6 Qxd6 33. Be2
Qd5 1/2-1/2

[Event "Poikovsky Karpov Tournament 2015"]
[Site "Poikovsky RUS"]
[Date "2015.10.01"]
[Round "4"]
[White "Inarkiev, E."]
[Black "Morozevich, A."]
[Result "1-0"]
[WhiteElo "2660"]
[BlackElo "2711"]
[PlyCount "49"]
[EventDate "2015.09.27"]

1. d4 e6 2. c4 b6 3. Nc3 Bb4 4. e4 Bb7 5. f3 f5 6. exf5 Nh6 7. fxe6 Nf5 8. Bf4
dxe6 9. Qa4+ Nc6 10. O-O-O Bxc3 11. bxc3 O-O 12. Nh3 Na5 13. Bd3 c5 14. dxc5
Qf6 15. Qc2 Rac8 16. g4 Nh4 17. Bxh7+ Kh8 18. Rd7 e5 19. Rd6 Qf7 20. Rh6 Nxf3
21. Bg6+ gxh6 22. Bxf7 exf4 23. Qg6 Rc6 24. Be6 Rxe6 25. Qxe6 1-0

[Event "Poikovsky Karpov Tournament 2015"]
[Site "Poikovsky RUS"]
[Date "2015.10.01"]
[Round "4"]
[White "Shirov, A."]
[Black "Laznicka, V."]
[Result "1-0"]
[WhiteElo "2712"]
[BlackElo "2676"]
[PlyCount "73"]
[EventDate "2015.09.27"]

1. e4 d6 2. d4 Nf6 3. Nc3 e5 4. Nf3 Nbd7 5. Bc4 Be7 6. O-O O-O 7. Re1 c6 8. a4
b6 9. Ba2 a6 10. Be3 Ng4 11. Bd2 Ngf6 12. dxe5 dxe5 13. Nh4 Bb4 14. Qf3 Nc5 15.
Bg5 Ne6 16. Bxe6 fxe6 17. Qg3 Qc7 18. Nf3 Bd6 19. Rad1 Nh5 20. Qg4 Nf6 21. Bxf6
Rxf6 22. Rd3 Qe7 23. Red1 Bc7 24. h4 Rf4 25. Qh5 Rf8 26. Ng5 h6 27. Nf3 Qe8 28.
Qg4 Rf4 29. Qh3 Kh7 30. g3 Rf8 31. h5 Kg8 32. Qg4 c5 33. Nh4 c4 34. R3d2 Qc6
35. Ng6 Re8 36. Rd8 Bxd8 37. Rxd8 1-0

[Event "Pokerstars International Open 2015"]
[Site "Douglas ENG"]
[Date "2015.10.03"]
[Round "1"]
[White "Adams, Michael"]
[Black "Jedynak, Radoslaw"]
[Result "1-0"]
[WhiteElo "2742"]
[BlackElo "2427"]
[PlyCount "63"]
[EventDate "2015.10.03"]

1. e4 e6 2. d4 d5 3. Nd2 Nf6 4. e5 Nfd7 5. Bd3 c5 6. c3 Nc6 7. Ne2 cxd4 8. cxd4
f6 9. exf6 Nxf6 10. Nf3 Bd6 11. O-O O-O 12. Bf4 Bxf4 13. Nxf4 Ne4 14. Qc1 Ng5
15. Nxg5 Qxg5 16. Bxh7+ Kxh7 17. Nxe6 Qxc1 18. Nxf8+ Kg8 19. Raxc1 Kxf8 20.
Rfe1 Bf5 21. f3 Kf7 22. g4 Nxd4 23. Kf2 Be6 24. Rc7+ Kf6 25. h4 Rd8 26. Rxb7
Rc8 27. Rxa7 Rc2+ 28. Ke3 Nc6 29. Rc7 d4+ 30. Kf4 Bxa2 31. g5+ Kg6 32. h5+ 1-0

[Event "Pokerstars International Open 2015"]
[Site "Douglas ENG"]
[Date "2015.10.03"]
[Round "1"]
[White "Kobo, Ori"]
[Black "Harikrishna, Pentala"]
[Result "0-1"]
[WhiteElo "2427"]
[BlackElo "2737"]
[PlyCount "130"]
[EventDate "2015.10.03"]

1. d4 Nf6 2. c4 e6 3. Nc3 Bb4 4. f3 c5 5. d5 O-O 6. e4 Re8 7. Nge2 d6 8. Bd2
exd5 9. cxd5 Nbd7 10. Ng3 Ne5 11. Be2 c4 12. O-O b5 13. Kh1 Rb8 14. Be3 Qc7 15.
Rc1 h6 16. b3 Bc5 17. Bxc5 Qxc5 18. bxc4 bxc4 19. Qd2 Bd7 20. Nd1 Qb4 21. Qd4
Qb6 22. Qd2 Rec8 23. Ne3 Nd3 24. Bxd3 cxd3 25. Rxc8+ Rxc8 26. Rd1 Ba4 27. Re1
Qd4 28. Ne2 Qc5 29. Rc1 Bc2 30. Nf4 Qc3 31. Qxc3 Rxc3 32. Nxd3 Rxd3 33. Nxc2
Rc3 34. Kg1 Nh5 35. g3 Nf6 36. Kf2 Nd7 37. Ke2 Nc5 38. Kd2 Rxf3 39. Re1 Rf2+
40. Kc3 f6 41. Nd4 Rxa2 42. Nf5 Ra6 43. Kc4 Nd7 44. Rb1 g6 45. Nxh6+ Kf8 46.
Ng4 f5 47. exf5 Ra4+ 48. Rb4 Nb6+ 49. Kb3 Rxb4+ 50. Kxb4 Nxd5+ 51. Kb5 gxf5 52.
Nf2 Ke7 53. Ka6 Nf6 54. Nd3 Ke6 55. Kxa7 Kd5 56. Kb6 Ke4 57. Nf4 d5 58. Kc5 d4
59. Kd6 Nh5 60. Ne6 Ke3 61. Nc5 Nf6 62. Ke6 Ne4 63. Nb3 d3 64. Ke5 Nc5 65. Na5
Nd7+ 0-1

[Event "Pokerstars International Open 2015"]
[Site "Douglas ENG"]
[Date "2015.10.03"]
[Round "1"]
[White "Howell, David W L"]
[Black "Roberson, Peter T"]
[Result "1-0"]
[WhiteElo "2705"]
[BlackElo "2423"]
[PlyCount "113"]
[EventDate "2015.10.03"]

1. c4 c5 2. Nf3 Nc6 3. Nc3 g6 4. g3 Bg7 5. Bg2 d6 6. O-O Bf5 7. b3 Nf6 8. Bb2
O-O 9. Nh4 Be6 10. Nd5 Nxd5 11. Bxg7 Ne3 12. fxe3 Kxg7 13. d4 Bd7 14. dxc5 dxc5
15. Qd5 Be6 16. Qxc5 Qb6 17. Qxb6 axb6 18. a4 Rad8 19. Ra2 Rd6 20. Nf3 Rfd8 21.
Kf2 Bg4 22. Rc1 e5 23. Ke1 Bc8 24. Nd2 Nb4 25. Rb2 f5 26. e4 Kf6 27. Nb1 f4 28.
Nc3 fxg3 29. hxg3 Kg7 30. Nd5 Na6 31. b4 Be6 32. e3 Rc8 33. Rcc2 Bd7 34. Ra2
Be6 35. Rab2 Bd7 36. c5 bxc5 37. b5 Nb8 38. a5 Be6 39. Nb6 Rcd8 40. Bf3 Rd3 41.
Kf2 Nd7 42. Nxd7 R3xd7 43. Rxc5 Rf8 44. Kg2 Rdf7 45. Bd1 Rf1 46. Rd2 Re1 47.
Rxe5 Bc4 48. Rc5 Bf1+ 49. Kh2 Kh6 50. g4 Rxe3 51. g5+ Kg7 52. Bg4 Rxe4 53. Rd7+
Rf7 54. Rcc7 Rxd7 55. Bxd7 Re7 56. b6 Ba6 57. Bb5 1-0

[Event "Pokerstars International Open 2015"]
[Site "Douglas ENG"]
[Date "2015.10.03"]
[Round "1"]
[White "Satyapragyan, Swayangsu"]
[Black "Fressinet, Laurent"]
[Result "0-1"]
[WhiteElo "2416"]
[BlackElo "2702"]
[PlyCount "96"]
[EventDate "2015.10.03"]

1. e4 c5 2. Nf3 Nc6 3. Bb5 g6 4. Bxc6 bxc6 5. O-O Bg7 6. Re1 Rb8 7. c3 Nf6 8.
d4 cxd4 9. cxd4 O-O 10. Nc3 d6 11. b3 Bg4 12. h3 Bxf3 13. Qxf3 Nd7 14. Be3 Rc8
15. Rac1 Qa5 16. Qe2 Rfe8 17. Qd2 c5 18. dxc5 Nxc5 19. Bd4 Nd7 20. Bxg7 Kxg7
21. Qd4+ Nf6 22. Na4 Rc2 23. Rcd1 Qe5 24. Qxa7 Rxa2 25. Qe3 Rc8 26. Rc1 Rxc1
27. Qxc1 Nh5 28. Nc3 Ra7 29. Qe3 Rb7 30. Nd5 e6 31. Nb6 d5 32. Qc5 Nf4 33. Nc4
Qc3 34. Qe3 Qxe3 35. Nxe3 dxe4 36. Nc4 f5 37. Rb1 Nd3 38. Kf1 Kf6 39. g3 Ra7
40. Nb2 e5 41. Nd1 Rb7 42. Ne3 Ke6 43. h4 Rb5 44. Ra1 Nc5 45. Ra7 f4 46. Nc4
Rxb3 47. gxf4 exf4 48. Rxh7 Rc3 0-1

[Event "Poikovsky Karpov Tournament 2015"]
[Site "Poikovsky RUS"]
[Date "2015.10.03"]
[Round "5"]
[White "Bologan, Viktor"]
[Black "Inarkiev, Ernesto"]
[Result "1/2-1/2"]
[WhiteElo "2607"]
[BlackElo "2660"]
[PlyCount "67"]
[EventDate "2015.09.28"]

1. d4 d5 2. c4 c6 3. Nf3 e6 4. Nc3 Nf6 5. Bg5 dxc4 6. e4 b5 7. e5 h6 8. Bh4 g5
9. Nxg5 hxg5 10. Bxg5 Nbd7 11. g3 Bb7 12. Bg2 Qb6 13. exf6 c5 14. d5 O-O-O 15.
O-O b4 16. Rb1 Qa6 17. dxe6 Bxg2 18. e7 Bxf1 19. Qd5 Bxe7 20. fxe7 Bd3 21.
exd8=Q+ Rxd8 22. Ne4 Bxb1 23. Nd6+ Kc7 24. Bf4 Kb6 25. Nxc4+ Kb5 26. Nd6+ Kb6
27. a4 bxa3 28. Nc4+ Qxc4 29. Qxc4 a2 30. Qb3+ Kc6 31. Qf3+ Kb6 32. Qb3+ Kc6
33. Qf3+ Kb6 34. Qb3+ 1/2-1/2

[Event "Poikovsky Karpov Tournament 2015"]
[Site "Poikovsky RUS"]
[Date "2015.10.03"]
[Round "5"]
[White "Lysyj, Igor"]
[Black "Shirov, Alexei"]
[Result "1/2-1/2"]
[WhiteElo "2671"]
[BlackElo "2712"]
[PlyCount "49"]
[EventDate "2015.09.28"]

1. Nf3 d5 2. e3 Nf6 3. c4 c6 4. Nc3 e6 5. b3 Nbd7 6. Bb2 Bd6 7. d4 O-O 8. Bd3
e5 9. cxd5 cxd5 10. dxe5 Nxe5 11. Be2 Nxf3+ 12. Bxf3 Be5 13. O-O Bf5 14. Rc1
Rc8 15. Ba1 d4 16. Ne2 Rxc1 17. Qxc1 Qb8 18. Ng3 Rc8 19. Nxf5 Rxc1 20. Rxc1
dxe3 21. Rc8+ Qxc8 22. Ne7+ Kf8 23. Nxc8 exf2+ 24. Kf1 Bxa1 25. Nxa7 1/2-1/2

[Event "Poikovsky Karpov Tournament 2015"]
[Site "Poikovsky RUS"]
[Date "2015.10.03"]
[Round "5"]
[White "Korobov, Anton"]
[Black "Smirin, Ilia"]
[Result "1-0"]
[WhiteElo "2700"]
[BlackElo "2655"]
[PlyCount "69"]
[EventDate "2015.09.28"]

1. d4 Nf6 2. c4 g6 3. Nc3 d5 4. cxd5 Nxd5 5. e4 Nxc3 6. bxc3 Bg7 7. Nf3 c5 8.
Rb1 O-O 9. Be2 Nc6 10. d5 Ne5 11. Nxe5 Bxe5 12. Qd2 e6 13. f4 Bc7 14. O-O exd5
15. exd5 Ba5 16. Ba3 Qd6 17. Rb5 Bb6 18. c4 Bf5 19. g4 Be4 20. Bb2 f6 21. g5
Qd7 22. Bxf6 Bd8 23. Bb2 Qh3 24. Rf2 Bxg5 25. Rxb7 Bf6 26. Bxf6 Rxf6 27. Re7
Bf5 28. d6 Rd8 29. Qd5+ Re6 30. Rxe6 Bxe6 31. Qxc5 Rb8 32. Rf1 Rb2 33. Qe5 Rd2
34. Rb1 Rxd6 35. Rb8+ 1-0

[Event "Poikovsky Karpov Tournament 2015"]
[Site "Poikovsky RUS"]
[Date "2015.10.03"]
[Round "5"]
[White "Morozevich, Alexander"]
[Black "Sutovsky, Emil"]
[Result "0-1"]
[WhiteElo "2711"]
[BlackElo "2635"]
[PlyCount "44"]
[EventDate "2015.09.28"]

1. g3 c5 2. Bg2 Nc6 3. e4 g6 4. f4 Bg7 5. d3 d6 6. Nf3 e5 7. O-O Nge7 8. c3 O-O
9. Na3 exf4 10. Bxf4 Ne5 11. Nc4 N7c6 12. Ne3 Nxf3+ 13. Qxf3 g5 14. Qh5 gxf4
15. Rxf4 h6 16. h4 Ne5 17. Raf1 Nxd3 18. Rxf7 Ne5 19. Rxf8+ Bxf8 20. Nf5 Qf6
21. Qe8 Qe6 22. Qd8 Nc6 0-1

[Event "Poikovsky Karpov Tournament 2015"]
[Site "Poikovsky RUS"]
[Date "2015.10.04"]
[Round "6"]
[White "Sutovsky, E."]
[Black "Bologan, V."]
[Result "1/2-1/2"]
[WhiteElo "2635"]
[BlackElo "2607"]
[PlyCount "66"]
[EventDate "2015.09.27"]

1. e4 e5 2. Nf3 Nc6 3. Bb5 a6 4. Ba4 Nf6 5. O-O Be7 6. Re1 b5 7. Bb3 d6 8. c3
O-O 9. h3 Nb8 10. d4 Nbd7 11. c4 c6 12. a3 exd4 13. Nxd4 Ne5 14. cxb5 axb5 15.
f4 Nc4 16. Nc3 d5 17. e5 Bc5 18. Bxc4 dxc4 19. Be3 Nd5 20. Nxd5 Qxd5 21. Nc2
Qxd1 22. Rexd1 Bxe3+ 23. Nxe3 f6 24. exf6 Rxf6 25. Rd8+ Rf8 26. Rad1 Be6 27.
Rxa8 Rxa8 28. Rd6 Bd5 29. Nxd5 cxd5 30. Rxd5 c3 31. bxc3 Rxa3 32. Rc5 Rb3 33.
Kf2 b4 1/2-1/2

[Event "Poikovsky Karpov Tournament 2015"]
[Site "Poikovsky RUS"]
[Date "2015.10.04"]
[Round "6"]
[White "Inarkiev, E."]
[Black "Korobov, A."]
[Result "1-0"]
[WhiteElo "2660"]
[BlackElo "2700"]
[PlyCount "71"]
[EventDate "2015.09.27"]

1. e4 c5 2. Nf3 d6 3. d4 cxd4 4. Nxd4 Nf6 5. Nc3 Nc6 6. Bg5 e6 7. Qd2 Be7 8.
O-O-O Nxd4 9. Qxd4 a6 10. h4 h6 11. Be3 e5 12. Qd3 Qa5 13. Kb1 Be6 14. f4 Rc8
15. Nd5 Nxd5 16. exd5 Bg4 17. Rd2 O-O 18. fxe5 dxe5 19. Be2 Bxe2 20. Qxe2 Bb4
21. c3 Bd6 22. g4 Qa4 23. Qf3 b5 24. Rc1 f6 25. Qf5 Kh8 26. Qg6 Qc4 27. g5 Qc7
28. gxh6 Qf7 29. Rg2 Rc7 30. Qf5 g6 31. Rxg6 Qd7 32. Rf1 Qxf5+ 33. Rxf5 Rcf7
34. Kc2 Kh7 35. h5 Be7 36. b3 1-0

[Event "Poikovsky Karpov Tournament 2015"]
[Site "Poikovsky RUS"]
[Date "2015.10.04"]
[Round "6"]
[White "Laznicka, V."]
[Black "Lysyj, I."]
[Result "1-0"]
[WhiteElo "2676"]
[BlackElo "2671"]
[PlyCount "105"]
[EventDate "2015.09.27"]

1. d4 Nf6 2. c4 e6 3. Nf3 b6 4. g3 Bb4+ 5. Bd2 Be7 6. Bg2 Bb7 7. O-O O-O 8. Bf4
d6 9. Nc3 Ne4 10. Rc1 Bf6 11. Nxe4 Bxe4 12. Qb3 Qe7 13. Rfd1 e5 14. dxe5 dxe5
15. Be3 Nc6 16. c5 Rad8 17. cxb6 cxb6 18. Qc4 Bxf3 19. Bxf3 Nd4 20. Bxd4 exd4
21. b4 g6 22. a4 Rd6 23. Qd3 Rd7 24. Rc6 Kg7 25. b5 Rfd8 26. Bg4 Rd5 27. Rdc1
Be5 28. f4 Bb8 29. Bf3 R5d6 30. Kg2 Qf6 31. R1c4 Qe7 32. Be4 Qe6 33. Rc1 Qe7
34. Qf3 Re8 35. Bd3 Qf6 36. R1c4 Re3 37. Qg4 Re8 38. h4 h5 39. Qg5 Red8 40. Rc1
Qxg5 41. hxg5 Kf8 42. Rf1 Ke7 43. Kf3 Re8 44. Bc4 f6 45. gxf6+ Rxf6 46. Rd1 Rd8
47. Rxf6 Kxf6 48. e4 g5 49. e5+ Kg7 50. Ke4 h4 51. Rg1 h3 52. Rh1 Rh8 53. Rh2
1-0

[Event "Poikovsky Karpov Tournament 2015"]
[Site "Poikovsky RUS"]
[Date "2015.10.04"]
[Round "6"]
[White "Shirov, A."]
[Black "Morozevich, A."]
[Result "1/2-1/2"]
[WhiteElo "2712"]
[BlackElo "2711"]
[PlyCount "102"]
[EventDate "2015.09.27"]

1. d4 Nf6 2. c4 e6 3. Nf3 Bb4+ 4. Nbd2 O-O 5. a3 Be7 6. e4 d6 7. b4 e5 8. dxe5
dxe5 9. Bb2 a5 10. b5 Nbd7 11. Be2 Bd6 12. Qc2 Qe7 13. O-O Nc5 14. g3 a4 15.
Nh4 Re8 16. Rfe1 g6 17. Rad1 Ne6 18. Ndf3 Nd7 19. Qc3 f6 20. Ng2 Ndc5 21. Bd3
Nb3 22. Ne3 Bc5 23. Nd5 Qf7 24. Bf1 c6 25. Nb4 Ned4 26. Nxd4 Nxd4 27. bxc6 bxc6
28. h3 Rb8 29. Qd3 Rd8 30. Bxd4 Rxd4 31. Qc3 Qc7 32. Rb1 Kg7 33. Nd3 Rxb1 34.
Rxb1 Be7 35. c5 Rxe4 36. Bg2 Rd4 37. Nb4 Bb7 38. Nc2 Rd7 39. Qc4 f5 40. Rb6 h5
41. h4 e4 42. Nd4 Qe5 43. Nxc6 Qxc5 44. Qe6 Bc8 45. Nd4 Bd6 46. Rc6 Qxd4 47.
Rxc8 Rf7 48. Rc6 Rf6 49. Qd7+ Kh6 50. Qd8 Re6 51. Rxd6 Rxd6 1/2-1/2

[Event "Poikovsky Karpov Tournament 2015"]
[Site "Poikovsky RUS"]
[Date "2015.10.04"]
[Round "6"]
[White "Khismatullin, D."]
[Black "Smirin, I."]
[Result "0-1"]
[WhiteElo "2651"]
[BlackElo "2655"]
[PlyCount "86"]
[EventDate "2015.09.27"]

1. d4 Nf6 2. c4 g6 3. Nc3 Bg7 4. e4 d6 5. Be2 O-O 6. Bg5 Na6 7. Qd2 e5 8. d5 c6
9. f3 cxd5 10. cxd5 Bd7 11. Bd1 b5 12. a3 b4 13. axb4 Nxb4 14. Nge2 Qb8 15. O-O
Rc8 16. Be3 Be8 17. Na4 Nd7 18. Nec3 Bf6 19. Be2 Bd8 20. b3 Nb6 21. Nb2 Rxc3
22. Qxc3 N6xd5 23. exd5 Nxd5 24. Qd2 Nxe3 25. Rfe1 Qxb3 26. Bd3 Bb6 27. Kh1 Rc8
28. Nd1 Nxd1 29. Raxd1 Bd4 30. Qe2 Ba4 31. Rb1 Qc3 32. Qf1 Qd2 33. Bc4 Rc5 34.
Bb3 Bxb3 35. Rxb3 a5 36. f4 e4 37. Rbb1 e3 38. Red1 Qc3 39. Rd3 Qc4 40. Rbd1
Rc8 41. f5 Bc5 42. Qf3 Re8 43. f6 Qxd3 0-1

[Event "Pokerstars International Open 2015"]
[Site "Douglas ENG"]
[Date "2015.10.04"]
[Round "2"]
[White "Arkell, Keith C"]
[Black "Adams, Michael"]
[Result "1/2-1/2"]
[WhiteElo "2505"]
[BlackElo "2742"]
[PlyCount "63"]
[EventDate "2015.09.02"]

1. d4 Nf6 2. Nf3 d5 3. c4 e6 4. cxd5 exd5 5. Nc3 c6 6. Bg5 h6 7. Bh4 Bf5 8. e3
Nbd7 9. Bd3 Bxd3 10. Qxd3 Bd6 11. O-O O-O 12. Rab1 a5 13. Qc2 Re8 14. Rfe1 Qc8
15. Bg3 Bxg3 16. hxg3 Ne4 17. Nxe4 dxe4 18. Nd2 Nf6 19. b4 axb4 20. Rxb4 b5 21.
a4 Nd5 22. Rb2 Rxa4 23. Nxe4 Qc7 24. Qd3 Qa5 25. Rc1 Ra3 26. Qb1 g6 27. Qc2 b4
28. Nd6 Rc3 29. Qd1 Re7 30. Nc4 Qa6 31. Rxb4 Rcxe3 32. Rb8+ 1/2-1/2

[Event "Pokerstars International Open 2015"]
[Site "Douglas ENG"]
[Date "2015.10.04"]
[Round "2"]
[White "Harikrishna, P."]
[Black "Vishnu Prasanna. V"]
[Result "1-0"]
[WhiteElo "2737"]
[BlackElo "2503"]
[PlyCount "75"]
[EventDate "2015.09.02"]

1. e4 e5 2. Nf3 Nc6 3. Bb5 a6 4. Ba4 Nf6 5. O-O Be7 6. Re1 b5 7. Bb3 O-O 8. a4
b4 9. d4 d6 10. h3 Bb7 11. c3 a5 12. Nbd2 bxc3 13. bxc3 exd4 14. Nxd4 Qd7 15.
Nf5 Bd8 16. Rb1 Rb8 17. Bc2 Re8 18. Nc4 Ba8 19. Rxb8 Nxb8 20. Nxa5 Nxe4 21. Qf3
Bf6 22. Bxe4 Qxa4 23. Nc4 Qxc4 24. Nxd6 cxd6 25. Bxh7+ Kf8 26. Rxe8+ Kxe8 27.
Qxa8 Qb5 28. Bc2 Ke7 29. Qa7+ Kf8 30. Qc7 Nc6 31. Qxd6+ Kg8 32. Qd7 g6 33. Be4
Qe2 34. Qxc6 Qe1+ 35. Kh2 Qxf2 36. Qe8+ Kg7 37. Bd5 Bxc3 38. Bxf7 1-0